<?xml version="1.0" encoding="UTF-8"?>
<marc:record xmlns:marc="http://www.loc.gov/MARC21/slim">
   <marc:leader>00000nam a2200000 a 4500</marc:leader>
   <marc:datafield ind1="1" ind2=" " tag="100">
      <marc:subfield code="a">Hunter, Erin</marc:subfield>
      <marc:subfield code="4">aut</marc:subfield>
      <marc:subfield code="e">Verfasser/-in</marc:subfield>
   </marc:datafield>
   <marc:datafield ind1="0" ind2="0" tag="245">
      <marc:subfield code="a">Warrior Cats V - Der geteilte Wald</marc:subfield>
   </marc:datafield>
   <marc:datafield ind1="0" ind2="0" tag="245">
      <marc:subfield code="b">; Der Ursprung der Clans  Staffel V Band 5</marc:subfield>
   </marc:datafield>
   <marc:datafield ind1=" " ind2="1" tag="264">
      <marc:subfield code="b">Beltz und Gelberg</marc:subfield>
      <marc:subfield code="c">2016</marc:subfield>
   </marc:datafield>
   <marc:datafield ind1="1" ind2=" " tag="490">
      <marc:subfield code="a">Warrior Cats - Der Ursprung der Clans 5. Staffel</marc:subfield>
   </marc:datafield>
   <marc:datafield ind1="1" ind2=" " tag="520">
      <marc:subfield code="a">»Wir werden gewinnen, weil wir um unser Leben kämpfen. Unsere Feinde kämpfen nur aus Hass und das wird ihre Schwäche sein.« Häherfeder, Löwenglut und Taubenflug haben alles versucht, um die geheimnisvolle Prophezeiung zu entschlüsseln. Die vierte Katze, auf der alle Hoffnungen ruhen, bleibt ihnen dennoch verborgen. Wie sollen sie jetzt nur den bevorstehenden Angriff von Tigerherz und seinen finsteren Kriegern abwehren? Feuerstern bittet die anderen Clans um Hilfe, aber seit Monden herrscht großes Misstrauen zwischen ihnen und es glauben nicht alle an Tigersterns vernichtende Pläne. Doch als die Katzen keinen Ausweg mehr sehen, erfüllt sich die Prophezeiung und Finsternis wird zu Licht ..</marc:subfield>
   </marc:datafield>
   <marc:datafield ind1=" " ind2=" " tag="020">
      <marc:subfield code="a">9783407821355</marc:subfield>
      <marc:subfield code="9">9783407821355</marc:subfield>
   </marc:datafield>
</marc:record>
